000 00422nam a2200169Ia 4500
003 GCL
008 140319s9999 xx 000 0 eng d
040 _aGCL /
_cGCL
082 0 4 _a658
_bH T
100 1 _aHILL, TERRY
245 1 0 _aTHE ESSENCE OF OPERATIONS MANAGEMENT /
_cHILL, TERRY
260 _a[S.N] :
_bPRENTICE HALL ،
_c1993
300 _a143 P
650 0 4 _aMANAGEMENT
650 0 4 _aBUSINESS
942 _2ddc
_cBK
999 _c20518
_d20518